A carregar...
Agrarian questions
| Outros Autores: | |
|---|---|
| Formato: | Printed Book |
| Idioma: | Undetermined |
| Publicado em: |
Madrass
Oxford University Press
1994
|
| Assuntos: |
| LEADER | 00507nam a2200169Ia 4500 | ||
|---|---|---|---|
| 008 | 140316s9999 xx 000 0 und d | ||
| 020 | |a 0195631013 | ||
| 082 | |a 630 |b KAU/AG | ||
| 100 | |||
| 245 | |a Agrarian questions | ||
| 260 | |a Madrass |b Oxford University Press |c 1994 | ||
| 300 | |||
| 650 | |a Agriculture | ||
| 700 | |a Kaushik Basu, | ||
| 942 | |2 ddc |c BK | ||
| 999 | |c 67 |d 67 | ||
| 952 | |0 0 |1 0 |2 ddc |4 0 |6 630_000000000000000_KAUAG |7 0 |9 69 |a KAUCLV |b KAUCLV |c GENERAL |d 2014-03-18 |o 630 KAU/AG |p 200198 |r 2014-03-18 |w 2014-03-18 |y BK | ||